| 000 | 00814cam a22002774a 4500 | ||
|---|---|---|---|
| 001 | 15022431 | ||
| 005 | 20180227041738.0 | ||
| 008 | 070924s2009 caua 000 0 eng | ||
| 010 | _a 2007039454 | ||
| 020 | _a9780321505972 | ||
| 020 | _a0321505972 | ||
| 035 | _a(DNLM)101317129 | ||
| 040 |
_aDNLM/DLC _cDLC _dDLC |
||
| 041 | _aeng | ||
| 042 | _apcc | ||
| 060 | 1 | 0 |
_a611 _bM386m 2009 |
| 080 | _a611 | ||
| 082 | 0 | 0 |
_a611 MAR _222 |
| 100 | 1 | _a6 | |
| 101 | _aANA | ||
| 245 | 1 | 0 |
_aMartini's atlas of the human body / _cby Frederic H. Martini ; with William C. Ober, art coordinator and illustrator ... [et al.]. |
| 246 | 3 | 0 | _aAtlas of the human body |
| 906 |
_a7 _bcbc _corignew _d1 _eecip _f20 _gy-gencatlg |
||
| 942 |
_2ddc _cBK |
||
| 999 |
_c43560 _d43560 |
||